| 000 | 01742nam0a2200337 4500 | ||
|---|---|---|---|
| 001 | RU\NLR\BIBL_A\010783705 | ||
| 005 | 20260408081908.0 | ||
| 010 |
_a978-5-7444-3429-8 _9100 |
||
| 021 |
_aRU _b2015-36920 _92188 |
||
| 035 | _a(NILC)RuMoRGB-007933134 | ||
| 035 | _a(NLR Aleph) 010783705 | ||
| 090 |
_a10081018 _c10081018 |
||
| 100 | _a20150618d2014 |||y0rusy50 ca | ||
| 101 | 0 | _arus | |
| 102 | _aRU | ||
| 105 | _ay|||j|||000yy | ||
| 200 | 1 |
_aКоммерческая деятельность _eучебное пособие _fМ-во образования и науки Российской Федерации, Дальневосточный федеральный ун-т, Шк. экономики и менеджмента _g[сост.: И. В. Коваль, О. Ю. Виничук] |
|
| 210 |
_aВладивосток _cДальневосточный федеральный ун-т _d2014 |
||
| 215 |
_a273 с. _cил. _d21 |
||
| 320 | _aБиблиогр.: с. 271-273 (46 назв.) | ||
| 606 | 1 |
_aКоммерческая деятельность _jУчебные издания для высших учебных заведений _92081348 _3RU\NLR\AUTH\661257326 |
|
| 686 | 1 | _aУ051.9(2)я7 | |
| 702 | 1 |
_4220 _8rus _7ca _aКоваль _bИ. В. _gИрина Васильевна _3RU\NLR\AUTH\7729687 _912716 |
|
| 712 | 0 | 2 |
_4570 _aДальневосточный федеральный университет _cВладивосток _bШкола экономики и менеджмента _3RU\NLR\AUTH\8810222356 _9329480 |
| 801 | 0 |
_aRU _bРГБ _c20150518 _gRCR |
|
| 801 | 1 |
_aRU _bРГБ _c20150518 _2rusmarc |
|
| 942 | _cBOOK | ||
| 980 | _aNBR | ||
| 980 | _aNB | ||